| 000 | 01024nam a2200265 i 4500 | ||
|---|---|---|---|
| 001 | bg | ||
| 245 | 0 | 0 |
_aLaboratorium z termodynamiki i wymiany ciepła : _bpraca zbiorowa / _cpod red. Władysława Gajewskiego ; [aut. rozdz. Władysław Gajewski et al.] ; Politechnika Częstochowska. Katedra Kotłów i Termodynamiki. |
| 260 |
_aCzęstochowa : _bWydawnictwa Politechniki Częstochowskiej, _c2005. |
||
| 300 |
_a171 s. : _bil. (w tym kolor.) ; _c24 cm. |
||
| 490 | 1 |
_aSkrypty Politechniki Częstochowskiej, _x1234-9909 ; _v53 |
|
| 504 | _aBibliogr. przy rozdz. | ||
| 650 | 9 | _aPrzewodnictwo cieplne | |
| 650 | 9 | _aTermodynamika techniczna | |
| 655 | _aPodręczniki akademickie | ||
| 700 | 1 |
_aGAJEWSKI, Władysław _d(1937- ). _eRed. |
|
| 830 |
_aSkrypty Politechniki Częstochowskiej, _x1234-9909 ; |
||
| 015 | _aPB 7367/2006 | ||
| 020 | _a8371932901 | ||
| 040 | _cBPK | ||
| 041 | 0 | _apol | |
| 080 | _a621.1.01:536.7](075.8) | ||
| 920 | _a83-7193-290-1 | ||
| 942 | _cKS | ||
| 008 | s pl f |000 0 pol | ||
| 999 |
_c51760 _d51760 |
||
| 856 |
_uhttp://koha.tu.koszalin.pl/cgi-bin/koha/opac-detail.pl?biblionumber=51760 _yKatalog online BPK |
||